000 00767nam a22002777a 4500
003 CHAP
005 20220329135841.0
008 971013s1953 r 00010 d
010 _a43274
011 _a44246
035 _a48384
040 _cCHAP
082 _a581.873
_bF7
100 0 0 _aFrey-Wyssling, A.
_943263
245 _aSubmicroscopio morphology of protplasm
250 _a2 ed.
260 _aAmsterdam :
_bElsevier,
_c1953
300 _a411 p.
_b: ilus.
504 _aBibliografía, p. 375-400
590 _aBATCH-UPD
_b10
_c20130110
_lUCH01
_h2128
590 _aCONVERSION
_b10
_c20130109
_lUCH01
_h1324
650 1 4 _aProtoplasma.
_992466
901 _aBK
942 _cLIBRO
949 _a581.873 F7
_bBC
_cLIBRO
_d33724000451084
_eLIBRO
_h9619
_i48384
_si
999 _c43274
_d43274